000 00484nam a2200169Ia 4500
003 GCL
008 140319s9999 xx 000 0 eng d
040 _aGCL /
_cGCL
082 0 4 _a363.348
_bB R
100 1 _aHARROP, MARTIN
245 1 0 _aPOWER AND POLICY IN LIBERAL DEMOCRACIES /
_cHARROP, MARTIN
260 _a[S.N] :
_bCAMBRIDGE UNIVERSITY PRESS ،
_c1993
300 _a303 P
650 0 4 _aCOMPARATIVE GOVERNMENT
650 0 4 _aFRANCE - POLITICS AND GOVERNMENT
942 _2ddc
_cBK
999 _c10208
_d10208